000 01093nam a2200301 c 4500
003 BLK
005 20230629003920.0
008 180408b bul|||||r ||||||| ||bul||
010 _aKNG00042005000
040 _aBLK
041 _aBUL
_cBUL
080 _aБългарска литература
_b821.163.2
_x-32
_z821.163.2-32
100 _aВежинов, Павел
_d1914–1983
_qГугов, Никола Делчев
_9249347
700 1 _aГугов, Никола Делчев
_e*
_9367471
139 _aВежинов, Павел
_bВ 35
245 1 0 _aВ полето
_bПовест
_cПавел Вежинов; * Никола Делчев Гугов.
257 _aBGR
260 София
_bБълг. писател
_c1950
300 _a147 с.
_c18 см
380 _aX
500 _aПавел Вежинов псевд. на Никола Делчев Гугов.
852 _aЦб 8.170.39233
856 4 _qpdf
_u
856 4 _qpdf
_u
942 _cKNG
_n0
944 _aCR
_c26.08.2016
_kМилена_Ачева
944 _aED
_c26.08.2016
_kМилена_Ачева
999 _c38769
_d38769